উত্তর বঙ্গে ইসলাম প্রচারে বাঘা / (Record no. 39724)
[ view plain ]
| 000 -LEADER | |
|---|---|
| fixed length control field | 00899nam a2200229 a 4500 |
| 001 - CONTROL NUMBER | |
| control field | 39724 |
| 003 - CONTROL NUMBER IDENTIFIER | |
| rucl marc code | BD-RjUL |
| 005 - DATE AND TIME OF LATEST TRANSACTION | |
| control field | 20211209053039.0 |
| 008 - FIXED-LENGTH DATA ELEMENTS--GENERAL INFORMATION | |
| fixed length control field | 160417s2012 bg a|||e |||| 000 0 ben d |
| 020 ## - INTERNATIONAL STANDARD BOOK NUMBER | |
| International Standard Book Number | 98486200008 |
| Terms of availability | : Tk. 150.00 |
| 035 ## - SYSTEM CONTROL NUMBER | |
| System control number | (BD-RjUL)39837 |
| 040 ## - CATALOGING SOURCE | |
| Original cataloging agency | BD-RjUL |
| Language of cataloging | ben |
| Transcribing agency | BD-RjUL |
| 041 ## - LANGUAGE CODE | |
| Language code of text/sound track or separate title | ben |
| 082 ## - DEWEY DECIMAL CLASSIFICATION NUMBER | |
| Edition number | 23 |
| Classification number | B 297.74 |
| Author mark and year | RAU 2012 |
| 100 ## - MAIN ENTRY--PERSONAL NAME | |
| Personal name | রাজ্জাক, আব্দুর |
| 9 (RLIN) | 122356 |
| 245 10 - TITLE STATEMENT | |
| Title | উত্তর বঙ্গে ইসলাম প্রচারে বাঘা / |
| Statement of responsibility, etc. | আব্দুর রাজ্জাক |
| 260 ## - PUBLICATION, DISTRIBUTION, ETC. (IMPRINT) | |
| Place of publication, distribution, etc. | রাজশাহী : |
| Name of publisher, distributor, etc. | দেশ পাবলিকেশন্স, |
| Date of publication, distribution, etc. | ২০১২. |
| 300 ## - PHYSICAL DESCRIPTION | |
| Pagination | ১৮৩ পৃ.: |
| Illustrations | চিত্র ; |
| Size | ২২ সেমি. |
| 650 ## - SUBJECT ADDED ENTRY--TOPICAL TERM | |
| Topical term or geographic name as entry element | ইসলাম |
| General subdivision | ইসলাম ধর্ম প্রচার |
| 9 (RLIN) | 122357 |
| Topical term or geographic name as entry element | Islam |
| General subdivision | Missonary Work |
| 9 (RLIN) | 122358 |
| 942 ## - ADDED ENTRY ELEMENTS (KOHA) | |
| Source of classification or shelving scheme | Dewey Decimal Classification |
| Koha item type | Books |
| Lost status | Source of classification or shelving scheme | Damaged status | Not for loan | Collection code | Permanent Location | Current Location | Shelving location | Date acquired | Source of acquisition | Cost, normal purchase price | Total Checkouts | Full call number | Date last seen | Copy number | Koha item type | Total Renewals | Date checked out |
|---|---|---|---|---|---|---|---|---|---|---|---|---|---|---|---|---|---|
| Dewey Decimal Classification | Not For Loan | Non-fiction | Central Library, University of Rajshahi | Central Library, University of Rajshahi | Reading Room | 10/02/2016 | RUCL | 150.00 | B 297.74 RAU 2012 | 17/04/2016 | C-1 | Books | |||||
| Dewey Decimal Classification | Non-fiction | Central Library, University of Rajshahi | Central Library, University of Rajshahi | 10/02/2016 | RUCL | 150.00 | B 297.74 RAU 2012 | 17/04/2016 | C-2 | Books | |||||||
| Dewey Decimal Classification | Non-fiction | Central Library, University of Rajshahi | Central Library, University of Rajshahi | 10/02/2016 | RUCL | 150.00 | 4 | B 297.74 RAU 2012 | 26/05/2019 | C-3 | Books | 1 | 15/05/2019 | ||||
| Dewey Decimal Classification | Non-fiction | Central Library, University of Rajshahi | Central Library, University of Rajshahi | 10/02/2016 | RUCL | 150.00 | 1 | B 297.74 RAU 2012 | 22/10/2016 | C-4 | Books | 03/08/2016 |